000
00288nam a22001217a 4500
008
171220b xxu||||| |||| 00| 0 eng d
041
_a
eng
080
_a
610.73
100
_a
2
101
_a
INF
245
_a
INTENSIVE CORONARY CARE A MANUAL FOR NURSES
_c
MELTZER,L.E
942
_2
udc
_c
BK
999
_c
39194
_d
39194